| 000 | 00755nam a2200205 a 4500 | ||
|---|---|---|---|
| 001 | 000017168 | ||
| 005 | 20240412074245.0 | ||
| 008 | 100319s1955 dr a 000 p spa d | ||
| 040 |
_aDO-SdBNP _bspa _cBNPHU |
||
| 082 |
_aRD861.44 _bS957s |
||
| 100 | 1 |
_aSuncar Chevalier, Manuel E. _923577 |
|
| 245 | 1 | 0 |
_aSinfonía del nuevo amanecer / _cManuel E. Suncar Chevalier. |
| 260 |
_aCiudad Trujillo, República Dominicana : _bLibreria Dominicana, _c1955. |
||
| 300 |
_a33 p. : _bil. ; _c30 cm. |
||
| 500 | _aCanto a la Patria, laureado en los Concursos Literario y Artístico del Primer Centenario de la República | ||
| 650 | 0 |
_aPoesía dominicana _966 |
|
| 650 | 0 |
_aLiteratura dominicana. _967 |
|
| 910 | _aValidado. Control de calidad MFF | ||
| 049 | _aBNPD | ||
| 999 |
_c16694 _d16694 |
||